Normal view
MARC view
Entry Personal Name
001 - CONTROL NUMBER
- control field: 48324
003 - CONTROL NUMBER IDENTIFIER
- control field: ARRUPE
005 - DATE AND TIME OF LATEST TRANSACTION
- control field: 20191016092255.0
008 - FIXED-LENGTH DATA ELEMENTS
- fixed length control field: 191016|| aca||aabn | a|a d
040 ## - CATALOGING SOURCE
- Original cataloging agency: ARRUPE
- Transcribing agency: ARRUPE
100 ## - HEADING--PERSONAL NAME
- Personal name: Donagan, Alan
670 ## - SOURCE DATA FOUND
- Source citation: Work cat.: (ARRUPE): Donagan, Alan , The later philosophy of R.G. Collingwood, 1962